[Event "DSOL 02 Liga Gr-B 1st"]
[Site "Playchess.com INT"]
[Date "2020.07.10"]
[Round "3.4"]
[White "Henrich, Heinz Herbert"]
[Black "Kondziella, Stephan"]
[Result "1/2-1/2"]
[WhiteElo "1717"]
[BlackElo "1883"]
[PlyCount "53"]
[EventDate "2020.06.22"]
[EventType "team-tourn (rapid)"]
[EventCountry "GER"]
[SourceTitle "EXT 2021"]
[Source "ChessBase"]
[SourceDate "2020.10.23"]
[SourceVersion "1"]
[SourceVersionDate "2020.10.23"]
[SourceQuality "1"]
[WhiteTeam "Niederbrechen"]
[BlackTeam "Wrist Kellinghusen"]
[WhiteTeamCountry "GER"]
[BlackTeamCountry "GER"]

1. Nf3 e6 2. d4 f5 3. g3 Nf6 4. Bg2 d5 5. 0-0 Bd6 6. b3 0-0 7. Ba3 Qe7 8. Bxd6 cxd6 9. c4 b6 10. Nc3 Bb7 11. Rc1 Na6 12. e3 Rac8 13. Nb5 Nc7 14. Na3 Ne4 15. Qc2 dxc4 16. Nxc4 Nd5 17. Qb2 Rc7 18. Ncd2 Rfc8 19. Rxc7 Rxc7 20. Rc1 h6 21. Nxe4 fxe4 22. Nd2 Nf6 23. Rc3 d5 24. Qc1 Ne8 25. Rxc7 Qxc7 26. Qxc7 Nxc7 27. Bf1 1/2-1/2

[Event "Hofheim Spring op-B 7th"]
[Site "Hofheim"]
[Date "2019.04.27"]
[Round "8"]
[White "Varma, Christopher"]
[Black "Henrich, Heinz Herbert"]
[Result "1-0"]
[WhiteElo "1810"]
[BlackElo "1817"]
[PlyCount "41"]
[EventDate "2019.04.23"]
[EventType "swiss"]
[EventRounds "9"]
[EventCountry "GER"]
[SourceTitle "CBM 190 Extra"]
[Source "ChessBase"]
[SourceDate "2019.07.15"]
[SourceVersion "1"]
[SourceVersionDate "2019.07.15"]
[SourceQuality "1"]

1. e4 d6 2. d4 Nf6 3. Nc3 g6 4. g3 Bg7 5. Bg2 Nc6 6. Nge2 e5 7. 0-0 0-0 8. h3 Nd7 9. Be3 Nb6 10. b3 Bd7 11. Qd2 a6 12. Rad1 Qe8 13. d5 Ne7 14. a4 f5 15. a5 Nbc8 16. f4 fxe4 17. Nxe4 Nf5 18. Bf2 Nce7 19. g4 Nh6 20. fxe5 dxe5 21. d6 1-0

[Event "Hofheim Spring op-B 7th"]
[Site "Hofheim"]
[Date "2019.04.25"]
[Round "5"]
[White "Wachsmann, Elmar"]
[Black "Henrich, Heinz Herbert"]
[Result "0-1"]
[WhiteElo "1740"]
[BlackElo "1817"]
[PlyCount "70"]
[EventDate "2019.04.23"]
[EventType "swiss"]
[EventRounds "9"]
[EventCountry "GER"]
[SourceTitle "CBM 190 Extra"]
[Source "ChessBase"]
[SourceDate "2019.07.15"]
[SourceVersion "1"]
[SourceVersionDate "2019.07.15"]
[SourceQuality "1"]

1. d4 Nf6 2. c4 c6 3. Nc3 d5 4. Nf3 Bf5 5. e3 h6 6. Qb3 Bc8 7. Bd3 e6 8. 0-0 Be7 9. Re1 0-0 10. e4 dxe4 11. Nxe4 Nbd7 12. Bc2 Re8 13. Ne5 Nf8 14. Qg3 Nxe4 15. Bxe4 Bg5 16. Bxg5 Qxg5 17. Qf3 f5 18. Rad1 Nd7 19. Bc2 Nf8 20. Bb3 Qf6 21. Re2 Bd7 22. Rde1 Kh8 23. Qh5 Re7 24. f4 Rae8 25. h3 Kh7 26. Kh2 Bc8 27. Qf3 Nd7 28. Qc3 g5 29. g3 gxf4 30. gxf4 Rg7 31. Re3 Reg8 32. R1e2 Nxe5 33. dxe5 Rg1 34. c5 Qg6 35. Qd2 Rh1+ 0-1

[Event "Arber Seniors op 6th"]
[Site "Bayerisch Eisenstein"]
[Date "2018.07.31"]
[Round "4"]
[White "Henrich, Heinz Herbert"]
[Black "Gross Winter, Guenter"]
[Result "1/2-1/2"]
[WhiteElo "1952"]
[BlackElo "1577"]
[PlyCount "40"]
[EventDate "2018.07.28"]
[EventType "swiss"]
[EventRounds "9"]
[EventCountry "GER"]
[SourceTitle "CBM 185 Extra"]
[Source "ChessBase"]
[SourceDate "2018.07.29"]
[SourceVersion "1"]
[SourceVersionDate "2018.07.29"]
[SourceQuality "1"]

1. d4 Nf6 2. Nf3 e6 3. g3 d5 4. Bg2 Nbd7 5. 0-0 Bd6 6. b3 0-0 7. c4 c6 8. Bb2 Ne4 9. Nbd2 f5 10. Ne5 Bb4 11. Nxd7 Bxd7 12. Nxe4 fxe4 13. f3 exf3 14. exf3 b6 15. Qe2 Bd6 16. f4 a5 17. Rac1 Qe7 18. Rfe1 Bb4 19. Bc3 Ba3 20. Bb2 Bb4 1/2-1/2